000 00869nam1a22002171i 4500
001 rc\4071836
005 20240726040615.0
035 _a(NLR Aleph) 008120314
090 _a9360260
_c9360260
100 _a20130415g19521954|||y0rusy50 ca
101 0 _arus
102 _aRU
105 _a j |||||
200 1 _aИстория средних веков
_e[Учебник для ист. фак. гос. ун-тов и пед. ин-тов]
_eТ. 1-2
_fИн-т истории Акад. наук СССР и ист. фак. Моск. гос. ун-та им. М.В. Ломоносова
210 _aМосква
_cГосполитиздат
_d1952-1954
215 _a2 т.
_d22
606 _aСредние века
_xИстория
_jУчебники и пособия
_2psbo
801 0 _aRU
_bNLR
_gpsbo
801 1 _aRU
_bELAR
_2rusmarc
852 _aNLR
_jИ24 Г-5/127
942 _cBOOK